Khrushchev of the Ukraine: a biography (Record no. 357412)

000 -LEADER
fixed length control field 00423cam a22001457a 4500
008 - FIXED-LENGTH DATA ELEMENTS--GENERAL INFORMATION
fixed length control field 180718b1957 xxu||||| |||| 00| 0 eng d
082 ## - DEWEY DECIMAL CLASSIFICATION NUMBER
Classification number A99 K528 A127
100 ## - MAIN ENTRY--PERSONAL NAME
Personal name Alexandrov, V.
245 ## - TITLE STATEMENT
Title Khrushchev of the Ukraine: a biography
Statement of responsibility, etc. by V. Alexandrov and Paul Selver
260 ## - PUBLICATION, DISTRIBUTION, ETC.
Place of publication, distribution, etc. London
Name of publisher, distributor, etc. Gollancz
Date of publication, distribution, etc. 1957
300 ## - PHYSICAL DESCRIPTION
Extent 176p.
500 ## - GENERAL NOTE
General note 15/-
650 ## - SUBJECT ADDED ENTRY--TOPICAL TERM
Topical term or geographic name entry element Khrushchev, Nikita Sergeyevich, 1894
700 ## - ADDED ENTRY--PERSONAL NAME
Personal name Selver, Paul
Holdings
Withdrawn status Lost status Damaged status Not for loan Permanent Location Current Location Date acquired Full call number Barcode Date last seen Price effective from Koha item type
        Indian Institute of Public Administration Indian Institute of Public Administration 1994-01-13 A99 K528 A127 6075 2018-07-21 2018-07-21 Book

Powered by Koha